000 01554 a2200229 4500
010 _aHIN-81814
020 _a8190348396
_c225.00
035 _aHN-54160
037 _bपु.प्र.अ.प्र/प्रका
082 1 4 _a181.45
090 _c9194
_d9194
100 _aब्रह्मानन्द
245 1 _a श्रीमद् योगगीताः (अपरनाम श्रीब्रह्मानन्दमोक्षगीता ) /
_cस्वामी ब्रह्मानन्द ; श्रीकृष्ण जुगनू द्वारा संपादित
246 _aSwamybramhanandvirachitam Srimad Yoggeeta : aprnam Sribrahmanandmokshgeeta
_bedited by Srikrishna Juganu
260 _aदिल्ली
_bआर्यावर्त संस्कृति संस्थान
_c2007
270 _aबी-216 चन्दू नगर, करावल नगर रोड
_bदिल्ली
_e110094
300 _a152पृ
_c22 सेमी(सजिल्द)
700 1 _aश्रीकृष्ण जुगनू
942 _adpl
_cHN
_k181.45 / ब्रह्मान
999 _c9029
_d9029